| 000 | 00862nam a22002417a 4500 | ||
|---|---|---|---|
| 999 |
_c12414 _d12414 |
||
| 003 | AR-CdUCM | ||
| 008 | 190408b ||||| |||| 00| 0 spa d | ||
| 040 |
_aMUNICIPALIDAD PROVINCIAL DEL CUSCO _cBIBLIOTECA MUNICIPAL DEL CUSCO |
||
| 082 |
_aC / 751.985 / _bF65 |
||
| 100 |
_aFlores Ochoa, Jorge _92915 |
||
| 245 | _aPintura mural en el Sur Andino / | ||
| 260 |
_aLima : _bBanco del crédito del Perú, _c1993. |
||
| 300 |
_a359 páginas ; _bfotografías. _c31 cm. |
||
| 505 | _aArte mural -- Sur andino -- Arquitectura y pintura mural -- La pintura de la evangelización... | ||
| 650 |
_aPintura. _93081 |
||
| 650 |
_aArquitectura. _93356 |
||
| 650 |
_aSur Andino. _930258 |
||
| 650 |
_aEscuela cusqueña. _925717 |
||
| 700 |
_aKoun Arce, Elizabeth _930259 |
||
| 700 |
_aSamanez Argunedo, Roberto _947672 |
||
| 942 |
_2ddc _cLIBROS |
||
| 945 |
_awfj _d2019-04-09 |
||